00422nam a2200157Ia 45000010006000000050017000060080041000230410008000640820018000721000022000902450094001122600009002063000033002156500008002486540008002561378520260306164826.0260306t2017||||xx |||||||||||||| ||spa|| aESP a005.133PbI37 aIgual, LauraeAUT 0aIntroduction to data science:ba Python approach to concepts, techniques and applications c2017 axiv, 218 páginas :c24 cm. aGEN aCCC